| 000 | 00881cab a2200265 4500 | ||
|---|---|---|---|
| 001 | ABS57012 | ||
| 008 | 090401t1997 xxu||||| |||| 00| 0 eng d | ||
| 035 | _a(Sirsi) u98435 | ||
| 041 | _aeng | ||
| 100 | _aClark, P. | ||
| 245 | 4 | _aThe Brown & Root assignment, or who`s your tenant? | |
| 260 | _c1997 | ||
| 350 | _a0 | ||
| 490 |
_aSolicitors` Journal _v141(20) 23 May 1997, 498-499(2) |
||
| 520 | _aConsiders the implications of the CA decision in "Brown & Root Technology Ltd v Sun Alliance & London Assurance Co. Ltd." | ||
| 650 | _aASSIGNMENT | ||
| 650 | _aBROWN & ROOT TECHNOLOGY LTD V SUN ALLIANCE & LONDON ASSURANCE CO | ||
| 650 | _aLANDLORD AND TENANT (COVENANTS) ACT 1995 | ||
| 650 | _aLEASE | ||
| 650 | _aLICENCES TO ASSIGN | ||
| 650 | _aRIGHT TO BREAK | ||
| 690 | _aLANDLORD AND TENANT-CASE LAW-BUSINESS TENANCIES | ||
| 942 | _n0 | ||
| 948 | _c03/06/1997 | ||
| 999 |
_c59828 _d59828 |
||